000 00767cam a22002533a 4500
001 14889
003 PGUSA
005 20140828083322.0
008 050203s2005||||xxu|||||s|||||000 1 eng d
040 _aPGUSA
_beng
042 _adc
050 4 _aPZ
100 1 _aAldridge, Janet
245 1 4 _aThe Meadow-Brook Girls Under Canvas; Or, Fun and Frolic in the Summer Camp
_h[electronic resource] /
_cJanet Aldridge
260 _bProject Gutenberg,
_c2005
506 _aPublic domain in the USA.
516 _aElectronic text
653 _aHazing -- Juvenile fiction
653 _aFriendship -- Juvenile fiction
653 _aCamping -- Juvenile fiction
830 0 _aProject Gutenberg
_v14889
856 4 0 _uhttp://www.gutenberg.org/ebooks/14889
942 _cEB
999 _c244144
_d244144